Word Ladder: Classic 1977 Movie Quiz Stats

 Plays Quiz Updated Apr 30, 2018

Challenge
Share
Tweet
Embed
Score 0/28 Timer 03:00
0 Plays Today
Clue 4-Letter Word % Correct
Sunrise directionEAST
95.5%
Red planet, the “Bringer of War”MARS
95.3%
Pole that holds up sailsMAST
94.4%
Wal or Kwik-E followerMART
93.5%
Conflicts☼WARS☼
93.2%
ChairSEAT
93.2%
Unsightly skin growthWART
92%
PortionPART
90.6%
CharSEAR
89.8%
Chimney contentsSOOT
89.6%
Haven for shipsPORT
89.5%
Skin openingPORE
89%
Nose contentsSNOT
88.7%
OrganizeSORT
88.6%
Clue 4-Letter Word % Correct
Moss used for fuelPEAT
88.5%
First-billed actor☼STAR☼
85.1%
ChipperPERT
84.1%
Francis or Benedict, e.g.POPE
77.7%
Wish☼HOPE☼
76%
“____ thyself” (ancient Greek saying)KNOW
73.6%
UnderstoodKNEW
70.5%
SnarlKNOT
69.2%
From the beginning☼ANEW☼
68.1%
Med school subject, for shortANAT.
49.9%
Grateful Dead live album “Without _ ___” (2 words)A NET
48.8%
Long ago or formerlyERST
42.2%
Quod ____ demonstrandumERAT
34.4%
'Walking Dead' character in the SaviorsARAT
27%

Today's Daily Dose

Word Ladder
Bruno Mars Song

Get the Picture
Japanese Cars

You're not logged in!

Compare scores with friends on all Sporcle quizzes.
OR
Log In

You Might Also Like...

Show Comments

Extras

Top Quizzes Today


Score Distribution

Your Account Isn't Verified!

In order to create a playlist on Sporcle, you need to verify the email address you used during registration. Go to your Sporcle Settings to finish the process.

Report this User

Report this user for behavior that violates our Community Guidelines.

Details: